Trouve les capitales des pays en A - Statistiques

Statistiques générales
  • Ce quiz a été pris 125 fois
  • Le résultat moyen est 11 sur 16
Statistiques - réponses
Pays Capitales % Correct
Allemagne Berlin
99%
Algérie Alger
97%
Autriche Vienne
96%
Australie Canberra
95%
Argentine Buenos Aires
94%
Andorre Andorre-la-Vieille
87%
Afrique du Sud Le Cap / Pretoria / Bloemfontein
87%
Afghanistan Kaboul
84%
Arabie Saoudite Riyad
78%
Albanie Tirana
78%
Azerbaidjan Bakou
69%
Arménie Erevan
66%
Angola Luanda
47%
Antigua et Barbuda Saint John's
27%
Aruba Oranjestad
8%
Anguilla The Valley
6%
Aucun quiz correspondant
Distribution des résultats
% des personnes avec chaque résultat
Percentile par nombre de réponses
Votre historique - résultats
Vous n’avez pas pris ce quiz